| 000 | 02633nam a22003977a 4500 | ||
|---|---|---|---|
| 008 | 100805m19871989led||||r000 000 0 ara d | ||
| 082 |
_a030 _bك ت ا |
||
| 245 | _aكتاب المعرفة | ||
| 260 |
_a:بيروت _bشركة إنماء النشر والتسويق، _c1987-1989 |
||
| 300 |
_a10 مج: _bصور؛ _c35 .سم |
||
| 440 | _917124 | ||
| 490 |
_917124 _aكتاب المعرفة |
||
| 505 |
_tالطبيعة والكيمياء / _rمراجعة وإعداد محمود أبو زيد |
||
| 505 | _tرياضة وهوايات -- | ||
| 505 | _tنشأة القارات -- | ||
| 505 | _tشخصيات عربية -- | ||
| 505 | _tالبحار والمحيطات -- | ||
| 505 | _tمدن ومحيطات -- | ||
| 505 | _tجسم الانسان -- | ||
| 505 | _tالحيوان -- | ||
| 505 | _tالشعوب والسكان -- | ||
| 505 | _tالأرض والكون. جغرافيا-- | ||
| 541 |
_aمكتبة الأخبار _cشراء |
||
| 650 |
_917135 _aدوائر المعارف |
||
| 942 |
_2ddc _cBB |
||
| 999 |
_c14624 _d14624 |
||